quiz o Fc Barcelonie - Statystyki

Ogólne statystyki
  • Ten quiz został rozwiązany 252 razy
  • Średni wynik to 10 z 14
Statystyki odpowiedzi
Wskazowka Odpowiedz % Poprawnych
Ile razy Barca zdobyla lige mistrzow (stan na 2024) 5
96%
Panstwo z ktorego jest Fc Barcelona Hiszpania
95%
Klub z ktorym gra Barca podczas el clasico Real Madryt
95%
Pilkarz ktory zdobyl najwiecej goli w Barcelonie Lionel Messi
94%
Stadion Barcelony Camp Nou
92%
Aktualny trener (08.2024) Hansi Flick
90%
Rok zalozenia Barcy 1899
81%
Wymien jednego z dwoch najpopularniejszych przydomków Barcelony Duma Katalonii, Blaugrana
77%
Prezes Fc Barcelony Joan Laporta
77%
,,Niech żyje Barcelona" po Hiszpańsku Visca el Barca
71%
Sponsor Techniczny Barcy Nike
54%
Wymien jedna z barw Fc Barcelony Granatowy, bordowy
50%
Pełna nazwa Fc Barcelona Futbol Club Barcelona
40%
Nazwa hymnu Barcy Cant del Barça
12%
Nie znaleziono quizów pasujących do podanych kryteriów
Rozkład punktacji
Procent ludzi z każdym wynikiem
Percentyl według liczby udzielonych odpowiedzi
Twoja historia wyników
Nie rozwiązałeś tego quizu